| 000 | 00466nam a22001697i 4500 | ||
|---|---|---|---|
| 001 | 4396 | ||
| 003 | OSt | ||
| 005 | 20170126082334.0 | ||
| 007 | tu | ||
| 008 | 161220s1997 xxu||||| |||| 00| 0 d | ||
| 024 | 7 |
_a4395 _2RID |
|
| 040 | _cOSt | ||
| 245 | 0 | 0 |
_aWirtschaftslage und Reformprozesse in Mittel- und Osteuropa. Sammelband 1996 _bUnter Mitarb. v: DIW, HWWA, IFO, IWH, Osteuropa-Inst. |
| 260 | _c1997 | ||
| 300 | _c30cm | ||
| 110 | 2 |
_aBundesministerium für Wirtschaft _eEd. |
|
| 942 | _cB | ||
| 999 |
_c4317 _d4317 |
||